[Event "I Miedzynarodowy Memorial Ireny Warakomskiej - Open B"]
[Site "Suwalki"]
[Date "2017-08-16"]
[Round "7.1"]
[White "Samborski, Henryk"]
[Black "Krasiewicz, Robert "]
[Result "1-0"]
[WhiteTitle ""]
[BlackTitle ""]
[WhiteElo "2096"]
[BlackElo "2031"]

1. e4 g6 2. d4 Bg7 3. Nc3 d6 4. f4 a6 5. a4 b6 6. Nf3 Bb7 7. Bd3 e6 8. O-O c5 9.
d5 exd5 10. Nxd5 Ne7 11. c4 Nbc6 12. f5 Nxd5 13. exd5 Ne5 14. Nxe5 Bxe5 15. Bf4
Bd4+ 16. Kh1 O-O 17. Qf3 Re8 18. Bd2 Qe7 19. Rae1 Qd7 20. Re4 Rxe4 21. Qxe4 Re8
22. Qh4 Qxa4 23. f6 Kh8 24. Bh6 Re5 25. Bxg6 1-0

[Event "I Miedzynarodowy Memorial Ireny Warakomskiej - Open B"]
[Site "Suwalki"]
[Date "2017-08-16"]
[Round "7.2"]
[White "Fronczak, Sebastian"]
[Black "Shpanko, Nadiia"]
[Result "1/2-1/2"]
[WhiteTitle ""]
[BlackTitle ""]
[WhiteElo "1926"]
[BlackElo "2095"]

1. e4 c5 2. Nf3 d6 3. c3 Nf6 4. Be2 Nbd7 5. d3 b6 6. O-O Bb7 7. Re1 e6 8. Nbd2
Be7 9. Nc4 Qc7 10. Bf1 O-O 11. Bg5 Rfe8 12. Bh4 Rad8 13. Qc2 Ng4 14. Bg3 b5 15.
Ncd2 a6 16. a4 Ra8 17. h3 Ngf6 18. b3 Qb6 19. c4 b4 20. Rad1 g6 21. e5 Nh5 22.
Bh2 d5 23. g4 Ng7 24. Bg2 Rad8 25. Nf1 h5 26. Qc1 Nf8 27. Bf4 Nh7 1/2-1/2

[Event "I Miedzynarodowy Memorial Ireny Warakomskiej - Open B"]
[Site "Suwalki"]
[Date "2017-08-16"]
[Round "7.3"]
[White "Hrymowicz, Artur "]
[Black "Janiszewski, Maciej"]
[Result "1/2-1/2"]
[WhiteTitle ""]
[BlackTitle ""]
[WhiteElo "2015"]
[BlackElo "2095"]

1. e4 d5 2. exd5 Nf6 3. d4 Bg4 4. f3 Bf5 5. Bb5+ c6 6. dxc6 Nxc6 7. Ne2 e6 8. Nbc3
Bb4 9. O-O Qb6 10. Bf4 O-O-O 11. Bxc6 Qxc6 12. a3 Ba5 13. Qd2 Rhe8 14. Be5 Nd5
15. b4 Bb6 16. Nxd5 Qxd5 17. Qc3+ Kd7 18. Bxg7 Rg8 19. Bf6 Rc8 20. Qe3 Rxc2 21.
Rac1 Rb2 22. Rf2 Qa2 23. Ng3 Rxf2 24. Qxf2 Qxa3 25. Qd2 Qd3 26. Qxd3 Bxd3 27.
Rd1 Bc4 28. Ne4 Be2 29. Rd2 Bxf3 30. Ng5 Bh5 31. Nxh7 Rc8 32. Be5 Rc1+ 33. Kf2
Bd8 34. d5 exd5 35. Bf6 Bb6+ 36. Kg3 Ke6 37. Bb2 Rc4 38. b5 Bc7+ 39. Kf2 Bd8 40.
Nf8+ Kd6 41. Ba3+ Ke5 42. Nd7+ Ke4 43. Nc5+ Kf4 44. Rxd5 Rc2+ 45. Kg1 Bb6 46.
Rxh5 f5 47. g3+ Kg4 48. Rh4+ Kg5 49. Rh7 1/2-1/2

[Event "I Miedzynarodowy Memorial Ireny Warakomskiej - Open B"]
[Site "Suwalki"]
[Date "2017-08-16"]
[Round "7.4"]
[White "Suder, Ryszard "]
[Black "Murawko, Katarzyna "]
[Result "1/2-1/2"]
[WhiteTitle ""]
[BlackTitle ""]
[WhiteElo "2082"]
[BlackElo "1967"]

1. Nf3 c5 2. c4 g6 3. g3 Bg7 4. Bg2 Nc6 5. Nc3 e6 6. O-O Nge7 7. d3 O-O 8. e4 d6
9. Be3 Nd4 10. Qd2 Nec6 11. Bh6 Rb8 12. Bxg7 Kxg7 13. Nxd4 Nxd4 14. f4 f5 15.
Rae1 a6 16. exf5 gxf5 17. Ne2 Qf6 18. b3 b5 1/2-1/2

[Event "I Miedzynarodowy Memorial Ireny Warakomskiej - Open B"]
[Site "Suwalki"]
[Date "2017-08-16"]
[Round "7.5"]
[White "Bogdanov, Ignat"]
[Black "Szolc, Grzegorz"]
[Result "1-0"]
[WhiteTitle ""]
[BlackTitle ""]
[WhiteElo "2078"]
[BlackElo "1945"]

1. d4 f5 2. c4 Nf6 3. g3 g6 4. Bg2 Bg7 5. b3 d6 6. Bb2 O-O 7. Nf3 Qe8 8. O-O h6
9. d5 Na6 10. Nbd2 g5 11. Nd4 f4 12. gxf4 gxf4 13. Kh1 Qh5 14. Bf3 Qh4 15. Rg1
Kh8 16. Qc2 Rg8 17. Nf5 Bxf5 18. Qxf5 Nc5 19. Rg2 Raf8 20. Rag1 Rf7 21. b4 Ncd7
22. Qe6 Rgf8 23. Ne4 Nxe4 24. Bxe4 Bxb2 25. Qxf7 1-0

[Event "I Miedzynarodowy Memorial Ireny Warakomskiej - Open B"]
[Site "Suwalki"]
[Date "2017-08-16"]
[Round "7.6"]
[White "Szczygiel, Jakub "]
[Black "Lisowski, Krzysztof"]
[Result "0-1"]
[WhiteTitle ""]
[BlackTitle ""]
[WhiteElo "1797"]
[BlackElo "2073"]

1. d4 d5 2. c4 c6 3. cxd5 cxd5 4. Nc3 Nf6 5. e3 Nc6 6. Nf3 e6 7. a3 Bd6 8. Be2
O-O 9. O-O Bd7 10. b4 Qe7 11. Bb2 Rfd8 12. Rc1 Rac8 13. Na4 Ne4 14. Ne5 Nxe5 15.
Rxc8 Rxc8 16. dxe5 Bxb4 17. Qd4 Bxa3 18. Bxa3 Qxa3 19. f3 Qxa4 0-1

[Event "I Miedzynarodowy Memorial Ireny Warakomskiej - Open B"]
[Site "Suwalki"]
[Date "2017-08-16"]
[Round "7.7"]
[White "Rak, Tomasz"]
[Black "Janulek, Dawid "]
[Result "1/2-1/2"]
[WhiteTitle ""]
[BlackTitle ""]
[WhiteElo "2067"]
[BlackElo "2006"]

1. Nf3 Nf6 2. d4 e6 3. Bf4 Nc6 4. e3 d6 5. c4 g6 6. h3 Bg7 7. Nc3 O-O 8. Be2 Nd7
9. O-O e5 10. dxe5 Ndxe5 11. Rc1 Nxf3+ 12. Bxf3 Ne5 13. Be2 Be6 14. b3 Re8 15.
Nb5 a6 16. Nd4 c6 17. Bg3 f5 18. Nxe6 Rxe6 19. Rc2 Qe7 20. Rd2 Rd8 21. Qc2 Nf7
22. Rfd1 Ng5 23. Bd3 h5 24. Kh1 Nf7 25. b4 Be5 26. Bxe5 Nxe5 27. Bf1 Qf6 28. b5
axb5 29. cxb5 d5 30. Rd4 Red6 31. Qb3 Qf7 32. Qa3 Qc7 33. bxc6 bxc6 34. Ra4 c5
35. Rb1 R6d7 36. Ra6 Kh7 37. Rbb6 Nc4 38. Bxc4 dxc4 39. f4 Rg7 40. Rc6 Qe7 41.
Qxc5 Qh4 42. Rc7 Rdg8 43. Rxg7+ Rxg7 44. Qxc4 Qe1+ 45. Kh2 h4 46. Rf6 Qg3+ 47.
Re6 Qe1 1/2-1/2

[Event "I Miedzynarodowy Memorial Ireny Warakomskiej - Open B"]
[Site "Suwalki"]
[Date "2017-08-16"]
[Round "7.8"]
[White "Mammadov, Vafa "]
[Black "Wielek, Thomas "]
[Result "1-0"]
[WhiteTitle ""]
[BlackTitle ""]
[WhiteElo "2066"]
[BlackElo "1766"]

1. c4 g6 2. g3 Nf6 3. Bg2 d5 4. cxd5 Nxd5 5. d4 c6 6. Nf3 Bg7 7. O-O O-O 8. e4
Nc7 9. Nc3 Bg4 10. Be3 Nd7 11. Qd2 Re8 12. h3 Be6 13. Rfd1 Nb6 14. b3 Qd7 15.
Kh2 Rad8 16. Rac1 f6 17. Ne2 Bf7 18. Qa5 Nc8 19. Nf4 e6 20. Nd3 b6 21. Qa4 Nb5
22. Nb4 Ne7 23. Nxc6 Nxc6 24. Qxb5 Ne5 25. Qxd7 Nxf3+ 26. Bxf3 Rxd7 27. Rc2 Red8
28. Rdc1 h6 29. Rc8 Rxc8 30. Rxc8+ Kh7 31. Be2 f5 32. e5 g5 33. f4 Kg6 34. Bf3
gxf4 35. gxf4 Kh7 36. Bc6 Re7 37. Bf2 Bg8 38. Bh4 Rf7 39. d5 exd5 40. e6 1-0

[Event "I Miedzynarodowy Memorial Ireny Warakomskiej - Open B"]
[Site "Suwalki"]
[Date "2017-08-16"]
[Round "7.9"]
[White "Grabowski, Adam"]
[Black "Kaczmarek, Arkadiusz "]
[Result "1-0"]
[WhiteTitle ""]
[BlackTitle ""]
[WhiteElo "2063"]
[BlackElo "1935"]

1. Nf3 d5 2. d4 Nf6 3. e3 c5 4. Nbd2 cxd4 5. exd4 Nc6 6. c3 Bf5 7. Be2 h6 8. O-O
e6 9. Ne5 Nxe5 10. dxe5 Nd7 11. f4 Bc5+ 12. Kh1 O-O 13. Nb3 Bb6 14. Bd3 Bxd3 15.
Qxd3 f6 16. exf6 Nxf6 17. Be3 Rc8 18. Rae1 Ne4 19. Nd2 Bxe3 20. Qxe3 Nxd2 21.
Qxd2 Rc6 22. Rf3 Qa5 23. a3 Qc5 24. h3 Qc4 25. Qe3 a5 26. Qe5 Qb5 27. Rg3 Rf7
28. f5 Qxb2 29. fxe6 Re7 30. Qb8+ Kh7 31. Qf8 Rcc7 32. Rf1 Qb5 33. Kh2 Qe8 34.
Rxg7+ 1-0

[Event "I Miedzynarodowy Memorial Ireny Warakomskiej - Open B"]
[Site "Suwalki"]
[Date "2017-08-16"]
[Round "7.11"]
[White "Medvedyk, Volodymyr"]
[Black "Wierzbicki, Michal "]
[Result "1-0"]
[WhiteTitle ""]
[BlackTitle ""]
[WhiteElo "2053"]
[BlackElo "1890"]

1. d4 Nf6 2. Nf3 e6 3. c4 b6 4. g3 Bb7 5. Bg2 Be7 6. O-O O-O 7. Nc3 Ne4 8. Qc2
Nxc3 9. Qxc3 c5 10. Rd1 d6 11. Bf4 g5 12. Be3 Nd7 13. Qd2 h6 14. h4 Bxf3 15. Bxf3
Rc8 16. hxg5 hxg5 17. dxc5 bxc5 18. Kg2 Kg7 19. Rh1 Rh8 20. Rxh8 Kxh8 21. Rh1+
Kg7 22. Rh5 f6 23. Qc1 Qe8 24. Bg4 Nf8 25. Qh1 Qg6 26. Rh8 f5 27. Bf3 Rd8 28.
Bd2 Nh7 29. Bc3+ e5 30. Rxd8 Bxd8 31. Qd1 g4 32. Bd5 Nf6 33. Bc6 Bc7 34. Qa4 Bb6
35. Qa6 Qf7 36. a4 Qc7 37. Bb7 Qb8 38. a5 Bd8 39. Bc8 Kg6 40. Bb7 Be7 41. Qc6
Qe8 42. Qa6 Qb8 43. b4 cxb4 44. Bxb4 f4 45. Bd2 fxg3 46. fxg3 Qh8 47. Be1 d5 48.
Bf2 Kf7 49. Bxd5+ Nxd5 50. cxd5 1-0

[Event "I Miedzynarodowy Memorial Ireny Warakomskiej - Open B"]
[Site "Suwalki"]
[Date "2017-08-16"]
[Round "7.12"]
[White "Szewczyk, Mariusz"]
[Black "Gawronski, Miroslaw"]
[Result "1-0"]
[WhiteTitle ""]
[BlackTitle ""]
[WhiteElo "2053"]
[BlackElo "2014"]

1. e4 c5 2. Nf3 e6 3. d4 cxd4 4. Nxd4 a6 5. Bd3 Qc7 6. O-O Nf6 7. Nc3 b5 8. a3
Bb7 9. Be3 h5 10. h3 Nc6 11. Qe2 Rc8 12. f4 h4 13. Qf2 Be7 14. f5 Bd6 15. fxe6
dxe6 16. Nxc6 Bg3 17. Qf3 Bxc6 18. Ne2 Bh2+ 19. Kh1 Nh5 20. Qg4 Be5 21. Rab1 Rd8
22. Bg5 Nf6 23. Qf3 Qb7 24. Qe3 Rd7 25. Bf4 Rh5 26. Bxe5 Rxe5 27. Qf4 Rh5 28.
Nc3 Rd4 29. Rbe1 a5 30. Qf2 Rd7 31. Qe2 Rg5 32. Qe3 Rg6 33. Rf4 Rh6 34. Qf2 b4
35. axb4 axb4 36. Nd1 Qa7 37. Ne3 Qd4 38. e5 Ne4 39. Bxe4 Bxe4 40. Ng4 Qxf2 41.
Rxf2 Bf5 42. Nxh6 gxh6 43. Rf4 Bxc2 44. Rxb4 h5 45. Rxh4 Bg6 46. b4 Rd2 47. Kg1
Rb2 48. Rd4 Kf8 49. Kf1 Kg7 50. Re2 Rb3 51. Ke1 Bf5 52. Kf2 f6 53. Rd7+ Kg6 54.
Rb7 h4 55. exf6 Kxf6 56. Rb8 Kg5 57. b5 Rb4 58. b6 Kf4 59. b7 Rb3 60. Ra2 Rb4
61. Ra7 Rb2+ 62. Kg1 Be4 63. Rf8+ Ke3 64. b8=Q Rxg2+ 65. Kf1 Rc2 66. Qf4+ Kd3
67. Ra3+ 1-0

[Event "I Miedzynarodowy Memorial Ireny Warakomskiej - Open B"]
[Site "Suwalki"]
[Date "2017-08-16"]
[Round "7.13"]
[White "Pawelec, Bartosz "]
[Black "Rudzinska, Michalina "]
[Result "0-1"]
[WhiteTitle ""]
[BlackTitle ""]
[WhiteElo "2050"]
[BlackElo "1870"]

1. e4 c5 2. a3 e6 3. b4 cxb4 4. axb4 d5 5. exd5 Qxd5 6. Nc3 Qd8 7. b5 Nf6 8. Nf3
Bd6 9. Bc4 O-O 10. O-O Qc7 11. Qe2 Nbd7 12. Bb2 b6 13. Ne4 Nxe4 14. Qxe4 Bb7 15.
Qg4 g6 16. Ng5 Bxh2+ 17. Kh1 Be5 18. Ba3 Bxa1 19. Qh4 h5 20. Rxa1 Ne5 21. Be2
Qxc2 22. Bd6 Qf5 23. Ra4 f6 24. Nh3 Rf7 25. d4 g5 26. Qg3 h4 27. Qe3 Ng4 28. Bxg4
Qxg4 29. f3 Qf5 30. Nf2 Qb1+ 31. Kh2 Qxb5 32. Ra1 Qd7 33. Ba3 Bd5 34. Ng4 Kg7
35. Bc1 Qd6+ 36. Kh1 h3 37. Ne5 Rh8 38. g4 Rc7 39. Ba3 Qd8 40. Nd3 Rc3 41. Bb2
Rc2 42. Rxa7+ Kg6 43. Ne5+ fxe5 44. Qd3+ Kh6 45. Qxc2 Qf6 46. dxe5 Qxf3+ 47. Kh2
Qf4+ 48. Kg1 Qg3+ 49. Kf1 h2 50. Rg7 h1=Q+ 51. Ke2 Qhe1# 0-1

[Event "I Miedzynarodowy Memorial Ireny Warakomskiej - Open B"]
[Site "Suwalki"]
[Date "2017-08-16"]
[Round "7.16"]
[White "Pytel, Maciej"]
[Black "Betkowski, Andrzej "]
[Result "0-1"]
[WhiteTitle ""]
[BlackTitle ""]
[WhiteElo "1967"]
[BlackElo "2038"]

1. f4 d5 2. Nf3 Bg4 3. Ne5 Bh5 4. c4 f6 5. Qa4+ c6 6. Nd3 dxc4 7. Qxc4 Nd7 8. g3
Bf7 9. Qc2 Bd5 10. Rg1 Qb6 11. Nf2 e5 12. e4 Bf7 13. Rg2 f5 14. b3 Ngf6 15. Bb2
Bd6 16. Na3 fxe4 17. Nh3 e3 18. O-O-O Bxa3 19. Bxa3 Bd5 20. fxe5 Nxe5 21. Qf5
Qd4 22. Bb2 Qc5+ 23. Bc3 exd2+ 24. Kb2 Bxg2 25. Qe6+ Qe7 26. Qxe7+ Kxe7 27. Bxg2
Ned7 28. Rxd2 Rhe8 29. Bb4+ Kf7 30. Ng5+ Kg8 31. Bh3 c5 32. Bc3 0-1

[Event "I Miedzynarodowy Memorial Ireny Warakomskiej - Open B"]
[Site "Suwalki"]
[Date "2017-08-16"]
[Round "7.17"]
[White "Kowalec, Maciej"]
[Black "Kotlowski, Tomasz"]
[Result "1-0"]
[WhiteTitle ""]
[BlackTitle ""]
[WhiteElo "2038"]
[BlackElo "2005"]

1. e4 e5 2. Nf3 Nf6 3. Nxe5 Qe7 4. Nf3 Qxe4+ 5. Be2 Bb4 6. O-O O-O 7. d4 d5 8.
Bd3 Qg4 9. h3 Qh5 10. Bf4 c6 11. c3 Ba5 12. Re1 Ne4 13. Bxe4 dxe4 14. Rxe4 Bxh3
15. Re5 Qg4 16. Bg3 Bd8 17. gxh3 Qxh3 18. Qf1 Qg4 19. Nbd2 f5 20. Qc4+ Kh8 21.
Qf7 1-0

[Event "I Miedzynarodowy Memorial Ireny Warakomskiej - Open B"]
[Site "Suwalki"]
[Date "2017-08-16"]
[Round "7.19"]
[White "Widelski, Kacper "]
[Black "Kalmuk, Krzysztof"]
[Result "0-1"]
[WhiteTitle ""]
[BlackTitle ""]
[WhiteElo "1880"]
[BlackElo "2030"]

1. e4 c5 2. Nf3 e6 3. d4 cxd4 4. Nxd4 Nc6 5. c4 Nf6 6. Nc3 Bb4 7. Qd3 O-O 8. Be2
d5 9. Nxc6 bxc6 10. cxd5 cxd5 11. exd5 Nxd5 12. Bd2 a5 13. Bf3 Ba6 14. Qd4 Rc8
15. Nxd5 Bxd2+ 16. Kxd2 exd5 17. Rhe1 Rc4 18. Qe5 Qb6 0-1

[Event "I Miedzynarodowy Memorial Ireny Warakomskiej - Open B"]
[Site "Suwalki"]
[Date "2017-08-16"]
[Round "7.20"]
[White "Falkowski, Dawid "]
[Black "Karlov, Egor "]
[Result "1-0"]
[WhiteTitle ""]
[BlackTitle ""]
[WhiteElo "2013"]
[BlackElo "1724"]

1. e4 e6 2. Nf3 d5 3. e5 c5 4. Nc3 Nc6 5. d4 cxd4 6. Nxd4 Nxe5 7. Bf4 Ng6 8. Bg3
a6 9. Qe2 Bd6 10. Bxd6 Qxd6 11. Nf5 Qb4 12. Rd1 Nf6 13. Nxg7+ Kf8 14. Nh5 Nxh5
15. Qxh5 Kg7 16. Bd3 d4 17. a3 Qxb2 18. Ne4 Qxa3 19. O-O Qe7 20. Rfe1 e5 21. Ng3
f6 22. f4 Qc7 23. fxe5 fxe5 24. Qg5 Qd8 25. Qh5 1-0

[Event "I Miedzynarodowy Memorial Ireny Warakomskiej - Open B"]
[Site "Suwalki"]
[Date "2017-08-16"]
[Round "7.21"]
[White "Budzinski, Jan "]
[Black "Hasinski, Krystian "]
[Result "1-0"]
[WhiteTitle ""]
[BlackTitle ""]
[WhiteElo "2012"]
[BlackElo "1904"]

1. e4 g6 2. d4 Bg7 3. Nf3 d6 4. Bc4 Nf6 5. Qe2 c6 6. e5 dxe5 7. dxe5 Nd5 8. h3
b5 9. Bb3 e6 10. Bg5 Qc7 11. O-O h6 12. Bh4 g5 13. Bg3 O-O 14. Nbd2 a5 15. c4
Ne7 16. Bc2 Ng6 17. Ne4 Nxe5 18. Nxe5 Bxe5 19. Nf6+ Kg7 20. Bxe5 Qa7 21. Qe4 1-0

[Event "I Miedzynarodowy Memorial Ireny Warakomskiej - Open B"]
[Site "Suwalki"]
[Date "2017-08-16"]
[Round "7.22"]
[White "Tarnowska, Aleksandra"]
[Black "Slezinski, Nikodem "]
[Result "0-1"]
[WhiteTitle ""]
[BlackTitle ""]
[WhiteElo "1807"]
[BlackElo "1995"]

1. e4 e5 2. Nf3 Nc6 3. Bb5 f5 4. d3 fxe4 5. dxe4 Nf6 6. O-O Bc5 7. Nc3 d6 8. h3
O-O 9. Ng5 Kh8 10. Bc4 Qe8 11. Nd5 Nxd5 12. Bxd5 Qg6 13. h4 h6 14. g4 hxg5 15.
Bxg5 Nd4 16. Kg2 c6 17. Bc4 Nf3 18. Be2 Bxg4 19. Rh1 Qxe4 20. Qd3 Ne1+ 0-1

[Event "I Miedzynarodowy Memorial Ireny Warakomskiej - Open B"]
[Site "Suwalki"]
[Date "2017-08-16"]
[Round "7.23"]
[White "Milewski, Karol"]
[Black "Litner, Igor "]
[Result "0-1"]
[WhiteTitle ""]
[BlackTitle ""]
[WhiteElo "1747"]
[BlackElo "1991"]

1. e4 d6 2. d4 Nf6 3. Nc3 Nbd7 4. f4 e5 5. Nf3 exd4 6. Qxd4 c5 7. Qd3 Be7 8. Be3
O-O 9. O-O-O Nb6 10. h3 Be6 11. g4 Bc4 12. Qd2 d5 13. e5 Nfd7 14. Bf2 d4 15. Ne4
Bxa2 16. f5 Bd5 17. Qe1 a5 18. g5 Bxe4 19. Qxe4 Bxg5+ 20. Nxg5 Qxg5+ 21. Kb1 Rfe8
22. e6 fxe6 23. fxe6 Nf6 24. Qxb7 Nbd5 25. Rg1 Qh6 26. Bc4 Rab8 27. Qf7+ Kh8 28.
Ka1 Re7 0-1

[Event "I Miedzynarodowy Memorial Ireny Warakomskiej - Open B"]
[Site "Suwalki"]
[Date "2017-08-16"]
[Round "7.24"]
[White "Pytel, Przemyslaw"]
[Black "Semczuk, Jerzy "]
[Result "1-0"]
[WhiteTitle ""]
[BlackTitle ""]
[WhiteElo "1815"]
[BlackElo "1989"]

1. e4 c5 2. Nc3 Nc6 3. d3 g6 4. g3 Bg7 5. Bg2 d6 6. Nge2 e6 7. O-O Nge7 8. Be3
Nd4 9. Qd2 O-O 10. Nd1 Nxe2+ 11. Qxe2 Nc6 12. c3 Bd7 13. Qd2 Ne5 14. f3 Bc6 15.
Nf2 f5 16. f4 Nd7 17. Rad1 d5 18. exd5 Bxd5 19. Nh3 Qb6 20. b3 Qc6 21. c4 Bxg2
22. Qxg2 Qxg2+ 23. Kxg2 Rfe8 24. Rfe1 e5 25. fxe5 Bxe5 26. Nf4 b6 27. Bd2 Nf6
28. b4 cxb4 29. Bxb4 Kf7 30. Nh3 Rad8 31. Ng5+ Kg8 32. Nf3 Bd6 33. Rxe8+ Nxe8
34. Bc3 Bf8 35. Nd4 Rd6 36. Nb5 Rd7 37. Kf3 Bg7 38. Bxg7 Nxg7 39. Nc3 Ne6 40.
Nd5 Kf7 41. Ke3 b5 42. Rb1 bxc4 43. dxc4 Nc5 44. Rb8 1-0

[Event "I Miedzynarodowy Memorial Ireny Warakomskiej - Open B"]
[Site "Suwalki"]
[Date "2017-08-16"]
[Round "7.25"]
[White "Budnik, Mateusz"]
[Black "Szczygiel, Konrad"]
[Result "1/2-1/2"]
[WhiteTitle ""]
[BlackTitle ""]
[WhiteElo "1987"]
[BlackElo "1862"]

1. e4 e5 2. Nf3 Nc6 3. Bb5 Nf6 4. Nc3 Be7 5. O-O d6 6. Bxc6+ bxc6 7. h3 O-O 8.
d4 exd4 9. Qxd4 d5 10. exd5 cxd5 11. Bg5 c6 12. Rfe1 Be6 13. Rad1 Qc7 14. Qa4
Rfe8 15. Re2 Rab8 16. Bf4 Bd6 17. Bxd6 Qxd6 18. b3 Qc7 1/2-1/2

[Event "I Miedzynarodowy Memorial Ireny Warakomskiej - Open B"]
[Site "Suwalki"]
[Date "2017-08-16"]
[Round "7.26"]
[White "Jankowiak, Tomasz"]
[Black "Golecki, Jan "]
[Result "0-1"]
[WhiteTitle ""]
[BlackTitle ""]
[WhiteElo "1905"]
[BlackElo "1957"]

1. e4 Nf6 2. e5 Nd5 3. d4 d6 4. Nf3 Nc6 5. exd6 exd6 6. c4 Nb6 7. h3 Bf5 8. Bd3
Qd7 9. O-O Be7 10. a3 O-O 11. Be3 Bf6 12. b3 Nc8 13. Nc3 N8e7 14. Ne4 Bxe4 15.
Bxe4 d5 16. Bc2 dxc4 17. bxc4 Rad8 18. d5 Bxa1 19. Qxa1 Na5 20. Qc3 b6 21. Qd3
Ng6 22. h4 Qg4 23. Bd4 f5 24. Qc3 Nf4 0-1

[Event "I Miedzynarodowy Memorial Ireny Warakomskiej - Open B"]
[Site "Suwalki"]
[Date "2017-08-16"]
[Round "7.27"]
[White "Czaplewska, Klara"]
[Black "Zianowicz, Dominik "]
[Result "1/2-1/2"]
[WhiteTitle ""]
[BlackTitle ""]
[WhiteElo "1934"]
[BlackElo "1843"]

1. e4 c6 2. d4 d5 3. Nc3 dxe4 4. Nxe4 Bf5 5. Ng3 Bg6 6. h4 h6 7. Nf3 Nd7 8. h5
Bh7 9. Bd3 Bxd3 10. Qxd3 Ngf6 11. Bf4 Qa5+ 12. Bd2 Qc7 13. O-O-O e6 14. Kb1 Bd6
15. Ne4 Nxe4 16. Qxe4 O-O-O 17. Qe2 Rhe8 18. Bc3 f6 19. Nh4 c5 20. Qg4 Nf8 21.
d5 Kb8 22. dxe6 Nxe6 23. Rhe1 Ng5 24. Nf5 Rxe1 25. Rxe1 Be5 26. Bxe5 fxe5 27.
a3 e4 28. f4 exf3 29. gxf3 Qd7 30. f4 Nf3 31. Qxf3 Qxf5 32. Re7 Qd5 33. Qxd5 Rxd5
1/2-1/2

[Event "I Miedzynarodowy Memorial Ireny Warakomskiej - Open B"]
[Site "Suwalki"]
[Date "2017-08-16"]
[Round "7.28"]
[White "Kukorowski, Jan"]
[Black "Amrogowicz, Dominika "]
[Result "1/2-1/2"]
[WhiteTitle ""]
[BlackTitle ""]
[WhiteElo "1670"]
[BlackElo "1926"]

1. e4 c5 2. Nf3 d6 3. Bb5+ Bd7 4. Bxd7+ Qxd7 5. c4 Nc6 6. d4 cxd4 7. Nxd4 Nf6 8.
Nc3 Rc8 9. O-O e6 10. Bg5 Be7 11. Qd2 h6 12. Bxf6 Bxf6 13. Ndb5 Be7 14. Rad1 Rd8
15. c5 dxc5 16. Qf4 Qc8 17. Rxd8+ Nxd8 18. Nxa7 Qa8 19. Nab5 O-O 20. e5 Nc6 21.
Rd1 Qb8 22. Nd6 Nd4 23. Ndb5 Nc6 24. Nd6 Nd4 25. Ndb5 Nc6 1/2-1/2

[Event "I Miedzynarodowy Memorial Ireny Warakomskiej - Open B"]
[Site "Suwalki"]
[Date "2017-08-16"]
[Round "7.29"]
[White "Lascar, Radoslawa"]
[Black "Wolanski, Michal "]
[Result "0-1"]
[WhiteTitle ""]
[BlackTitle ""]
[WhiteElo "1778"]
[BlackElo "1920"]

1. e4 c5 2. c3 d5 3. exd5 Nf6 4. d4 Nxd5 5. dxc5 e6 6. c4 Nb4 7. a3 Qxd1+ 8. Kxd1
N4c6 9. Be3 Nd7 10. Nd2 Bxc5 11. Bxc5 Nxc5 12. b4 Na4 13. Ngf3 O-O 14. Kc2 Nb6
15. Bd3 Bd7 16. Ne4 f6 17. Nc5 Rab8 18. b5 Na5 19. Kc3 Rfc8 20. Kb4 Be8 21. Rac1
Rxc5 22. Kxc5 Nb3+ 23. Kb4 Nxc1 24. Rxc1 Rc8 25. Be4 Rc7 26. c5 Nd5+ 27. Bxd5
exd5 28. Re1 Bd7 29. Nd4 Kf7 30. a4 a5+ 31. Kxa5 Rxc5 32. Kb6 Rc4 33. Rd1 Rxa4
34. Kxb7 Ke7 35. Nc6+ Kd6 36. Rc1 Rc4 37. Rd1 Bxc6+ 38. bxc6 Rxc6 39. Rd2 Rc4
40. Kb6 Rb4+ 41. Ka5 Rb1 42. Ka4 Kc5 43. Rc2+ Kd4 44. Rd2+ Kc4 45. Ka3 d4 46.
Rc2+ Kd3 0-1

[Event "I Miedzynarodowy Memorial Ireny Warakomskiej - Open B"]
[Site "Suwalki"]
[Date "2017-08-16"]
[Round "7.30"]
[White "Koloczek, Maciej "]
[Black "Wacior, Maciej "]
[Result "0-1"]
[WhiteTitle ""]
[BlackTitle ""]
[WhiteElo "1764"]
[BlackElo "1912"]

1. e4 c6 2. d4 d5 3. Nc3 dxe4 4. Nxe4 Bf5 5. Ng3 Bg6 6. h4 h6 7. h5 Bh7 8. Nf3
Nd7 9. Bd3 Bxd3 10. Qxd3 e6 11. Bf4 Qa5+ 12. Bd2 Qc7 13. O-O-O O-O-O 14. Kb1 Ngf6
15. Ne4 Nc5 16. Nxc5 Bxc5 17. Qc4 Bd6 18. Bb4 Bxb4 19. Qxb4 Rd5 20. c4 Rxh5 21.
Rxh5 Nxh5 22. d5 exd5 23. cxd5 Qd7 24. Qa4 Rd8 25. Nd4 Qxd5 26. Qxa7 Qe4+ 27.
Ka1 Rd5 28. Qa8+ Kc7 29. Qa4 Qxg2 30. Qc4 Qxf2 31. a4 Nf6 32. b4 Qe3 33. Rd3 Qe5
34. a5 c5 35. a6 bxa6 36. bxc5 Nd7 37. c6 Nc5 38. Rd1 Rxd4 0-1

[Event "I Miedzynarodowy Memorial Ireny Warakomskiej - Open B"]
[Site "Suwalki"]
[Date "2017-08-16"]
[Round "7.32"]
[White "Ziemski, Przemyslaw"]
[Black "Wolagiewicz, Kinga "]
[Result "1/2-1/2"]
[WhiteTitle ""]
[BlackTitle ""]
[WhiteElo "1902"]
[BlackElo "1611"]

1. e4 c6 2. d4 d5 3. exd5 cxd5 4. Bd3 Nc6 5. Nf3 Bg4 6. c3 Nf6 7. h3 Bh5 8. Bf4
e6 9. Nbd2 Be7 10. Qb3 Qc8 11. O-O O-O 12. Rfe1 a6 13. a4 Bg6 14. Bxg6 hxg6 15.
Re3 Na5 16. Qd1 Nc4 17. Nxc4 Qxc4 18. Ne5 Qc8 19. a5 Nh5 20. Bh2 Bd6 21. Kh1 Qd8
22. Qa4 Nf6 23. g4 Bxe5 24. Bxe5 Ne4 25. Qc2 Qh4 26. Kg2 f5 27. f3 Ng5 28. f4
Nf7 29. gxf5 Nxe5 30. Rxe5 Rxf5 31. Rxf5 gxf5 32. Qe2 Qf6 33. Rc1 Re8 34. Qh5
Rc8 35. Kf3 Qh6 36. Qxh6 gxh6 37. Rg1+ Kf7 38. Kg3 Re8 39. Kh4 Rb8 40. Kh5 b5
41. axb6 Rxb6 42. b4 Rc6 43. Rc1 Rc8 44. Kh4 Ke7 45. Kg3 Rg8+ 46. Kf2 h5 47. Ra1
Ra8 48. Ra5 Rc8 49. Rc5 Ra8 50. Kg3 Kd7 51. Kh4 Rg8 52. Ra5 Rc8 1/2-1/2

[Event "I Miedzynarodowy Memorial Ireny Warakomskiej - Open B"]
[Site "Suwalki"]
[Date "2017-08-16"]
[Round "7.33"]
[White "Kaniak, Justyna"]
[Black "Czarniecka, Aleksandra "]
[Result "0-1"]
[WhiteTitle ""]
[BlackTitle ""]
[WhiteElo "1901"]
[BlackElo "1875"]

1. e4 c5 2. Ne2 d6 3. g3 Nc6 4. Bg2 g6 5. Nbc3 Bg7 6. O-O e6 7. d3 Nge7 8. f4 O-O
9. g4 f5 10. h3 Nd4 11. Ng3 Nec6 12. g5 Nb4 13. Rf2 e5 14. exf5 Nxf5 15. Nxf5
Rxf5 16. a3 Nc6 17. Ne4 Qf8 18. Ng3 exf4 19. Nxf5 Bxf5 20. Rxf4 Be5 21. Rf1 Qc8
22. h4 Bg4 23. Bf3 Bh3 24. Bd5+ Kh8 25. Rf7 Bd4+ 26. Kh2 Ne5 27. Bxb7 Qe6 28.
Rf4 Ng4+ 29. Kg3 Bf2+ 30. Rxf2 Nxf2 31. Kxf2 Rf8+ 32. Kg1 Rf1+ 33. Qxf1 Bxf1 34.
Kxf1 Qf7+ 35. Ke2 Qxb7 0-1

[Event "I Miedzynarodowy Memorial Ireny Warakomskiej - Open B"]
[Site "Suwalki"]
[Date "2017-08-16"]
[Round "7.34"]
[White "Bartoszewicz, Marcin "]
[Black "Ossolinski, Ziemowit "]
[Result "1-0"]
[WhiteTitle ""]
[BlackTitle ""]
[WhiteElo "1875"]
[BlackElo "1798"]

1. e4 c5 2. Nf3 e6 3. d4 cxd4 4. Nxd4 a6 5. Nc3 Qc7 6. Bd3 Bc5 7. Nb3 Be7 8. O-O
Nf6 9. Kh1 b5 10. Qe2 d6 11. f4 Nbd7 12. g4 Nc5 13. g5 Nfd7 14. Bd2 Bb7 15. Nd4
Nb6 16. Rae1 d5 17. e5 Nc4 18. Bc1 Qb6 19. b3 Nxd3 20. Qxd3 Bc5 21. Nce2 Rc8 22.
Kg1 Na5 23. Be3 Nc6 24. a3 b4 25. a4 a5 26. Rf3 Nxd4 27. Nxd4 Ba6 28. Qd2 Qc7
29. Rf2 Qb6 30. f5 O-O 31. f6 g6 32. Qd1 Rfd8 33. Qg4 Qc7 34. Qf4 Rd7 35. h4 Re8
36. h5 Bxd4 37. Bxd4 Rb8 38. Re3 Rb7 39. Ref3 Kf8 40. Qe3 Ke8 41. hxg6 fxg6 42.
f7+ Rxf7 43. Rxf7 Qxf7 44. Rxf7 Rxf7 45. Bb6 1-0

[Event "I Miedzynarodowy Memorial Ireny Warakomskiej - Open B"]
[Site "Suwalki"]
[Date "2017-08-16"]
[Round "7.35"]
[White "Kwasniewski, Pawel "]
[Black "Milanowski, Jan"]
[Result "1-0"]
[WhiteTitle ""]
[BlackTitle ""]
[WhiteElo "1702"]
[BlackElo "1815"]

1. d4 d5 2. Nf3 Nf6 3. Bf4 e6 4. e3 Nh5 5. Bd3 Nxf4 6. exf4 Be7 7. O-O g6 8. Nbd2
Nd7 9. Re1 O-O 10. Qe2 Bf6 11. Ne5 Nxe5 12. fxe5 Bg7 13. f4 f5 14. Nf3 Qe7 15.
a3 c5 16. dxc5 Qxc5+ 17. Qf2 Qxf2+ 18. Kxf2 Bd7 19. c4 dxc4 20. Bxc4 Rac8 21.
Rac1 Kf7 22. Red1 Ke7 23. Ng5 h6 24. Rxd7+ Kxd7 25. Bxe6+ Ke7 26. Bxc8 hxg5 27.
Rc7+ Kd8 28. Rxg7 Kxc8 29. Rxg6 gxf4 30. Kf3 Kd7 31. Kxf4 a6 32. h4 Rh8 33. g3
Rf8 34. Rf6 1-0